Philadelphia 76ers 2025-2026 Roster - Statistics

General Stats
  • This quiz has been taken 65 times
    46 since last reset
  • The average score is 11 of 17
Answer Stats
Jersey # Pos Answer % Correct
21 C Joel Embiid
100%
0 G Tyrese Maxey
100%
1 C Andre Drummond
92%
8 F-G Paul George
92%
77 G VJ Edgecombe
89%
9 F Kelly Oubre Jr
84%
5 G Quentin Grimes
84%
30 F-C Adem Bona
79%
11 G Justin Edwards
74%
7 G Kyle Lowry
74%
25 F Dominick Barlow
66%
12 F Trendon Watford
63%
33 F Jabari Walker
50%
22 F Johni Broome
50%
16 F Marjon Beauchamp
29%
28* C Charles Bassey
3%
F 35 Patrick Baldwin Jr
3%
No matching quizzes found
Score Distribution
Percent of People with Each Score
Percentile by Number Answered
Your Score History
You have not taken this quiz since the last reset